[Event "ESPERANTO"]
[Site "SchemingMind.com"]
[Date "2007.10.09"]
[Round "-"]
[White "ekulrac"]
[Black "Dr_Pat"]
[Result "0-1"]
[WhiteCountry "SCO"]
[BlackCountry "USA"]
[WhiteElo "1670"]
[WhiteRD "56"]
[BlackElo "1566"]
[BlackRD "47"]
[GameID "123925"]

1. e4 c5 2. Nf3 d6 3. b4 cxb4 4. d4 Nf6 5. Bd3 Bg4 6. O-O e6 7. h3 Bxf3 8. Qxf3 Be7 9. Bb2 O-O 10. Nd2 Nc6
11. Nc4 d5 12. exd5 exd5 13. Ne5 Qc7 14. Rfe1 Rfe8 15. g4 Bd6 16. Qg3 Nxe5 17. dxe5 Bc5 18. Qh4 Ne4 19. Bxe4 dxe4 20. Rxe4 Be7
21. Qg3 Qxc2 22. Qb3 Qxe4
0-1

[Event "ESPERANTO"]
[Site "SchemingMind.com"]
[Date "2007.10.09"]
[Round "-"]
[White "Dr_Pat"]
[Black "ekulrac"]
[Result "1-0"]
[WhiteCountry "USA"]
[BlackCountry "SCO"]
[WhiteElo "1566"]
[WhiteRD "47"]
[BlackElo "1670"]
[BlackRD "56"]
[GameID "123927"]

1. d4 e6 2. c4 c5 3. Nf3 d5 4. cxd5 exd5 5. Bf4 Nc6 6. e3 Nf6 7. Bb5 Bg4 8. O-O Be7 9. dxc5 O-O 10. h3 Bh5
11. Nbd2 a6 12. Bxc6 bxc6 13. Rc1 Qa5 14. Qc2 Ra7 15. Ne5 Qb5 16. Nb3 Ne4 17. f3 Nf6 18. g4 Bg6 19. Nxg6 fxg6 20. Bd6 Rd7
21. Nd4 Qb7 22. Bxe7 Rxe7 23. b3 Rxe3 24. Rfe1 Rfe8 25. Rxe3 Rxe3 26. Kf2 Re8 27. Re1 Rxe1 28. Kxe1 Qb4+ 29. Qd2 Qxc5 30. Ne6 Qg1+
31. Ke2 Qg2+ 32. Ke3 Qxd2+ 33. Kxd2 h5 34. g5 Nd7 35. Nd8 Ne5 36. Ke2 Kf8 37. f4 Ke7 38. fxe5 Kxd8 39. Ke3 Ke7 40. Kd4 Ke6
41. a4 a5 42. b4 axb4 43. a5 c5+ 44. Kd3 c4+ 45. Kc2 Kxe5 46. a6 d4 47. a7 d3+ 48. Kd1 Kd4 49. a8=Q c3 50. Qa7+ Kc4
51. Qxg7 Kb3 52. Qxg6 c2+ 53. Kc1 Kc3 54. Qf6+
1-0

[Event "ESPERANTO"]
[Site "SchemingMind.com"]
[Date "2007.10.15"]
[Round "-"]
[White "sentinel"]
[Black "Dr_Pat"]
[Result "0-1"]
[WhiteCountry "AUS"]
[BlackCountry "USA"]
[WhiteElo "1102"]
[WhiteRD "143"]
[BlackElo "1566"]
[BlackRD "47"]
[GameID "124051"]

1. d4 Nf6 2. Qd3 d5 3. Qb5+ Nc6 4. Bf4 a6 5. Qc5 e5 6. Qc3 Bb4 7. Bg5 Nxd4 8. Kd1 Bxc3 9. Nxc3 Bf5 10. Kd2 b5
11. Nxd5 Qxd5 12. Rd1 Ne4+ 13. Kc1 Nxg5 14. e3 Qxa2 15. exd4 Qa1+ 16. Kd2 Qxb2
0-1

[Event "ESPERANTO"]
[Site "SchemingMind.com"]
[Date "2007.10.10"]
[Round "-"]
[White "Dr_Pat"]
[Black "sentinel"]
[Result "1-0"]
[WhiteCountry "USA"]
[BlackCountry "AUS"]
[WhiteElo "1566"]
[WhiteRD "47"]
[BlackElo "1102"]
[BlackRD "143"]
[GameID "124054"]

1. d4 d5 2. c4 e5 3. dxe5 dxc4 4. Qxd8+ Kxd8 5. Nf3 Bb4+ 6. Bd2 Bxd2+ 7. Nbxd2 Bg4 8. e3 Bxf3 9. Nxf3 Nh6 10. Bxc4 c6
11. O-O Nd7 12. Rad1 b5 13. Bb3 a5 14. e6 fxe6 15. Bxe6 Ra7 16. Ne5 Ke7 17. Bxd7 Rc7 18. Nxc6+ Kf6 19. Nxa5 Nf7 20. Rd5 Rd8
21. Rfd1
1-0

[Event "ESPERANTO"]
[Site "SchemingMind.com"]
[Date "2007.10.11"]
[Round "-"]
[White "Brerrabbit"]
[Black "ekulrac"]
[Result "0-1"]
[WhiteCountry "SCO"]
[BlackCountry "SCO"]
[WhiteElo "1388"]
[WhiteRD "75"]
[BlackElo "1709"]
[BlackRD "60"]
[GameID "124246"]

1. e4 Nc6 2. d4 e5 3. Nf3 d6 4. Be2 Bg4 5. d5 Nce7 6. Bg5 h6 7. Bxe7 Nxe7 8. Nc3 Ng6 9. O-O Nf4 10. Qd2 a6
11. g3 Nxe2+ 12. Qxe2 Qf6 13. Kg2 Be7 14. Rad1 O-O 15. Rd3 Qg6 16. Nd1 f5 17. Nc3 fxe4 18. Nxe4 Kh7 19. h3 Bxf3+ 20. Rxf3 c6
21. c4 Rxf3 22. Qxf3 cxd5 23. cxd5 Rc8 24. h4 Bxh4 25. Rh1 Bf6 26. Nxd6 Rc2 27. Nf5 Rxb2 28. Nh4 e4 29. Nxg6 exf3+ 30. Kxf3 Kxg6
31. a4 Rb4 32. Rd1 Rxa4 33. d6 Kf7 34. d7 Bd8
0-1

[Event "ESPERANTO"]
[Site "SchemingMind.com"]
[Date "2007.10.11"]
[Round "-"]
[White "ekulrac"]
[Black "Brerrabbit"]
[Result "1-0"]
[WhiteCountry "SCO"]
[BlackCountry "SCO"]
[WhiteElo "1670"]
[WhiteRD "56"]
[BlackElo "1421"]
[BlackRD "73"]
[GameID "124250"]

1. e4 e5 2. Nf3 Nc6 3. Bb5 Nf6 4. O-O Nxe4 5. Re1 d5 6. d3 Nd6 7. Nxe5 Bd7 8. Nxc6+ Be6 9. Nxd8+ c6 10. Nxc6 Nxb5
11. Nb4 Bxb4 12. c3
1-0

[Event "ESPERANTO"]
[Site "SchemingMind.com"]
[Date "2007.10.13"]
[Round "-"]
[White "knightrider"]
[Black "Dr_Pat"]
[Result "0-1"]
[WhiteCountry "USA"]
[BlackCountry "USA"]
[WhiteElo "1532"]
[WhiteRD "66"]
[BlackElo "1566"]
[BlackRD "47"]
[GameID "124420"]

1. e4 c5 2. d4 cxd4 3. Nf3 Nc6 4. Nxd4 Nf6 5. Nc3 e5 6. Ncb5 Nxd4 7. Nxd4 exd4 8. e5 Nd5 9. Qxd4 Qa5+ 10. Bd2 Nb4
11. O-O-O Nxa2+ 12. Kb1 Nb4 13. Bxb4 Bxb4 14. e6 fxe6 15. Qxg7 Rf8 16. Be2 Rxf2 17. Bh5+ Qxh5 18. g4 Qg6 19. Qd4 Qxc2+ 20. Ka1 Ba3
21. Rb1 Bc5
0-1

[Event "ESPERANTO"]
[Site "SchemingMind.com"]
[Date "2007.10.13"]
[Round "-"]
[White "knightrider"]
[Black "ekulrac"]
[Result "0-1"]
[WhiteCountry "USA"]
[BlackCountry "SCO"]
[WhiteElo "1520"]
[WhiteRD "68"]
[BlackElo "1709"]
[BlackRD "60"]
[GameID "124421"]

1. e4 Nc6 2. d4 e5 3. Nf3 d6 4. Nc3 Bg4 5. d5 Nd4 6. Qd3 Nxf3+ 7. gxf3 Bd7 8. Be3 Be7 9. f4 Bf6 10. f5 h6
11. O-O-O a6 12. Rg1 b5 13. a3 Rb8 14. b4 a5 15. Na2 axb4 16. Nxb4 Ra8 17. Nc6 Bxc6 18. dxc6 Ne7 19. Qc3 Qb8 20. Kb2 d5
21. exd5 Nxf5 22. Bc5 e4 23. Bd4 Nxd4 24. Rxd4 O-O 25. Kb3 Qa7 26. Ka2 Qxd4 27. Qxd4 Bxd4 28. Rg2 b4
0-1

[Event "ESPERANTO"]
[Site "SchemingMind.com"]
[Date "2007.10.13"]
[Round "-"]
[White "Dr_Pat"]
[Black "knightrider"]
[Result "1-0"]
[WhiteCountry "USA"]
[BlackCountry "USA"]
[WhiteElo "1497"]
[WhiteRD "44"]
[BlackElo "1520"]
[BlackRD "68"]
[GameID "124425"]

1. d4 Nf6 2. c4 g6 3. Nc3 d5 4. e3 Bg7 5. Nf3 O-O 6. cxd5 Nxd5 7. Bc4 Nxc3 8. bxc3 c5 9. O-O cxd4 10. cxd4 Nc6
11. Ba3 Na5 12. Bd3 Nc6 13. Re1 h5 14. Rb1 b6 15. Be4 Bb7 16. Qa4 Qc7 17. Rec1 Qd7 18. Bxc6 Bxc6 19. Rxc6 Rfc8 20. Rxc8+ Qxc8
21. Bxe7 Qf5 22. Rc1 Kh7 23. Qc6 Rg8 24. Ng5+ Kh8 25. d5 f6 26. Nf3 g5 27. d6 Bf8 28. Nd4 Qh7 29. Bxf6+ Bg7 30. d7 Rd8
31. Bxd8
1-0

[Event "ESPERANTO"]
[Site "SchemingMind.com"]
[Date "2007.10.13"]
[Round "-"]
[White "ekulrac"]
[Black "knightrider"]
[Result "1-0"]
[WhiteCountry "SCO"]
[BlackCountry "USA"]
[WhiteElo "1709"]
[WhiteRD "60"]
[BlackElo "1520"]
[BlackRD "68"]
[GameID "124426"]

1. e4 e5 2. Nf3 Nc6 3. Bb5 a6 4. Bxc6 dxc6 5. O-O Qd6 6. d3 Ne7 7. Be3 Ng6 8. Nbd2 Be7 9. Qb1 Nf4 10. Bxf4 exf4
11. e5 Qe6 12. d4 c5 13. c3 O-O 14. Rd1 Qg4 15. d5 Bf5 16. Qc1 Bd3 17. c4 h5 18. Qc3 Qg6 19. Nb3 Bf5 20. Rd2 h4
21. Na5 Bh3 22. Nxh4 Bxh4 23. Qxh3 Bg5 24. Qf3 b6 25. Nc6 Rae8 26. Rad1 f6 27. e6 f5 28. Ne5 Qh6 29. Nd7 Be7 30. Nxf8 Kxf8
31. Re2 Bd6 32. Rde1 Ke7 33. a4 g5 34. Qh3 Rh8 35. Qxh6 Rxh6 36. f3 b5 37. axb5 axb5 38. cxb5 g4 39. b3 g3 40. h3 Rh7
41. Ra2 Kf6 42. Ra7 c4 43. Rb7 cxb3 44. Rb1 Ke5 45. Rxb3 Kxd5 46. b6 Kxe6 47. bxc7 Bxc7 48. Kf1 Rd7 49. Rb1 Kd6 50. Rd1+ Ke7
51. Rxd7+ Kxd7 52. Rxc7+ Kxc7 53. Ke2 Kd7 54. Kd3 Kd6 55. Kd4
1-0

[Event "ESPERANTO"]
[Site "SchemingMind.com"]
[Date "2007.10.20"]
[Round "-"]
[White "rampichino"]
[Black "Dr_Pat"]
[Result "0-1"]
[WhiteCountry "ITA"]
[BlackCountry "USA"]
[WhiteElo "1370"]
[WhiteRD "47"]
[BlackElo "1566"]
[BlackRD "47"]
[GameID "125434"]

1. e4 Nf6 2. e5 Nd5 3. d4 d6 4. Nf3 Bg4 5. Be2 e6 6. c4 Nb6 7. h3 Bxf3 8. Bxf3 c6 9. Qc2 dxe5 10. dxe5 N8d7
11. Bf4 Qc7 12. Qe4 Nc5 13. Qc2 Be7 14. Nc3 Nxc4 15. Qe2 Nxb2 16. O-O Nbd3
0-1

[Event "ESPERANTO"]
[Site "SchemingMind.com"]
[Date "2007.10.20"]
[Round "-"]
[White "rampichino"]
[Black "ekulrac"]
[Result "0-1"]
[WhiteCountry "ITA"]
[BlackCountry "SCO"]
[WhiteElo "1370"]
[WhiteRD "47"]
[BlackElo "1670"]
[BlackRD "56"]
[GameID "125436"]

1. e4 Nc6 2. d4 e5 3. d5 Nce7 4. Nf3 Ng6 5. c4 Bb4+ 6. Nc3 Bxc3+ 7. bxc3 d6 8. Be3 Nf6 9. Bd3 O-O 10. O-O Nh5
11. Ng5 Nhf4 12. Bxf4 Nxf4 13. Nf3 h6 14. Kh1 f5 15. Ng1 Nxd3 16. Qxd3 fxe4
0-1

[Event "ESPERANTO"]
[Site "SchemingMind.com"]
[Date "2007.10.25"]
[Round "-"]
[White "rampichino"]
[Black "sentinel"]
[Result "0-1"]
[WhiteCountry "ITA"]
[BlackCountry "AUS"]
[WhiteElo "1321"]
[WhiteRD "53"]
[BlackElo "1230"]
[BlackRD "129"]
[GameID "125437"]

1. e4 Nf6 2. e5 Nd5 3. d4 d6 4. Nf3 e6 5. c4 Nb4 6. Nc3 f6 7. a3 N4c6 8. d5 exd5 9. exf6 Qxf6 10. cxd5 Ne5
11. Nxe5 Qxe5+
0-1

[Event "ESPERANTO"]
[Site "SchemingMind.com"]
[Date "2007.10.20"]
[Round "-"]
[White "Dr_Pat"]
[Black "rampichino"]
[Result "1-0"]
[WhiteCountry "USA"]
[BlackCountry "ITA"]
[WhiteElo "1566"]
[WhiteRD "47"]
[BlackElo "1370"]
[BlackRD "47"]
[GameID "125441"]

1. d4 d5 2. c4 e5 3. dxe5 d4 4. Nf3 Nc6 5. e4 Bb4+ 6. Bd2 Bxd2+ 7. Nbxd2 Bg4 8. Qb3 Nge7 9. c5 O-O 10. Bb5 Rb8
11. h3 Be6 12. Qa3 a6 13. Ba4 h6 14. O-O f5 15. Rad1 fxe4 16. Nxe4
1-0

[Event "ESPERANTO"]
[Site "SchemingMind.com"]
[Date "2007.10.20"]
[Round "-"]
[White "ekulrac"]
[Black "rampichino"]
[Result "1-0"]
[WhiteCountry "SCO"]
[BlackCountry "ITA"]
[WhiteElo "1670"]
[WhiteRD "56"]
[BlackElo "1370"]
[BlackRD "47"]
[GameID "125443"]

1. e4 d5 2. exd5 Qxd5 3. Nf3 e5 4. Nc3 Qd6 5. d3 Bg4 6. Be2 a6 7. O-O Nd7 8. Nxe5 Bxe2 9. Qxe2 Nxe5 10. d4 Qxd4
11. Rd1 Qc5 12. Rd5
1-0

[Event "ESPERANTO"]
[Site "SchemingMind.com"]
[Date "2007.10.25"]
[Round "-"]
[White "sentinel"]
[Black "rampichino"]
[Result "1-0"]
[WhiteCountry "AUS"]
[BlackCountry "ITA"]
[WhiteElo "1230"]
[WhiteRD "129"]
[BlackElo "1321"]
[BlackRD "53"]
[GameID "125444"]

1. d4 d5 2. Bf4 Nc6 3. Nc3 Nf6 4. Qd3 e6 5. Nf3 Bd6 6. g3 Bxf4 7. gxf4 b6 8. Nb5 a6 9. Ne5 Nxe5 10. fxe5 axb5
11. exf6 Qxf6 12. Qg3 Qxd4 13. Qxc7 O-O 14. c3 Qc5 15. Qf4 Bb7 16. Bg2 f6 17. Rd1 Ra4 18. O-O
1-0

[Event "ESPERANTO"]
[Site "SchemingMind.com"]
[Date "2007.10.22"]
[Round "-"]
[White "rao"]
[Black "Brerrabbit"]
[Result "1-0"]
[WhiteCountry "INT"]
[BlackCountry "SCO"]
[WhiteElo "1570"]
[WhiteRD "66"]
[BlackElo "1388"]
[BlackRD "75"]
[GameID "125537"]

1. e4 e5 2. Bc4 Nf6 3. d3 Nc6 4. c3 Bc5 5. Nh3 d5 6. exd5 Nxd5 7. Qf3 Be6 8. Ng5 Qd7 9. Ne4 Qe7 10. Ng5 O-O-O
11. Nxe6
1-0

[Event "ESPERANTO"]
[Site "SchemingMind.com"]
[Date "2007.10.21"]
[Round "-"]
[White "rao"]
[Black "Dr_Pat"]
[Result "0-1"]
[WhiteCountry "INT"]
[BlackCountry "USA"]
[WhiteElo "1570"]
[WhiteRD "66"]
[BlackElo "1497"]
[BlackRD "44"]
[GameID "125539"]

1. e4 c5 2. Bc4 e6 3. d3 d5 4. exd5 exd5 5. Bb5+ Bd7 6. Qe2+ Be7 7. Bxd7+ Nxd7 8. Nc3 Ngf6 9. Nh3 O-O 10. O-O Re8
11. Qf3 Ne5 12. Qf5 Nc6 13. Ne2 Bd6 14. Qf3 Ne5 15. Qg3 Nh5 16. Qg5 Qxg5 17. Nxg5 h6 18. Nh3 Nxd3 19. Ng3 Nxc1 20. Raxc1 Nxg3
21. hxg3 d4 22. c4 Re2 23. Rb1 Rae8 24. a4 g5 25. b3 g4 26. Nf4 Bxf4 27. gxf4 d3 28. Rbd1 d2 29. g3 R8e3 30. Kg2 Rxb3
31. a5 Rc3 32. Ra1 Rxc4 33. Rfd1 Rce4 34. Ra2 Rd4 35. Kf1 Re1+ 36. Rxe1 dxe1=Q+ 37. Kxe1 b5 38. axb6 axb6 39. Ra8+ Kg7 40. Rb8 Rd6
41. f5 Kf6 42. Rb7 Kxf5 43. Rxf7+ Rf6 44. Rd7 Ke4 45. Ke2 b5 46. Rc7 c4 47. Rc5 Rf5 48. Rc6 h5 49. Re6+ Kd4 50. Rd6+ Kc3
51. Ke1 b4 52. f4 gxf3 53. Kf2 b3 54. Rd1 b2 55. g4 hxg4
0-1

[Event "ESPERANTO"]
[Site "SchemingMind.com"]
[Date "2007.10.22"]
[Round "-"]
[White "rao"]
[Black "knightrider"]
[Result "1-0"]
[WhiteCountry "INT"]
[BlackCountry "USA"]
[WhiteElo "1570"]
[WhiteRD "66"]
[BlackElo "1520"]
[BlackRD "68"]
[GameID "125540"]

1. d4 Nf6 2. Nf3 d5 3. Nc3 e6 4. Bg5 Be7 5. e3 O-O 6. Ne5 Nbd7 7. Nxd7 Bxd7 8. Bd3 c5 9. dxc5 Bxc5 10. a3 Bc6
11. Qf3 d4 12. Be4 dxc3 13. Bxc6 bxc6 14. bxc3 h6 15. Bxf6 gxf6 16. Qh5 Qa5 17. O-O Qxc3 18. Qxh6 Be7 19. Qh5 f5 20. a4 Bf6
21. g4 fxg4 22. Qxg4+ Bg7 23. Kh1 f5 24. Qg6 Rf6 25. Qh5 Rh6 26. Qf3 Be5 27. Rg1+ Bg7 28. Qg2 Kf7 29. Ra3 Qe5 30. f4 Qf6
31. Qxc6 Re8 32. Rd3 Rxh2+ 33. Kxh2 Qh4+ 34. Kg2 Bf6 35. Kf1 Qh3+ 36. Qg2 Qxg2+ 37. Rxg2 a5 38. Rd7+ Kf8 39. Rg6 Be7 40. Rxe6 Bc5
41. Rf6+ Kg8 42. Rxf5 Bb6 43. Rd6 Bxe3 44. Rg6+ Kh7 45. Rg3 Kh6 46. Rxa5 Bxf4 47. Rg4 Rf8 48. Ra6+ Kh5 49. Rg2 Kh4 50. Ke2 Kh3
51. Rg1 Kh2 52. Rg7 Kh3 53. Rag6 Rh8 54. Kf3 Rh4 55. Rg1 Bh2 56. Rh1
1-0

[Event "ESPERANTO"]
[Site "SchemingMind.com"]
[Date "2007.10.21"]
[Round "-"]
[White "rao"]
[Black "ekulrac"]
[Result "0-1"]
[WhiteCountry "INT"]
[BlackCountry "SCO"]
[WhiteElo "1564"]
[WhiteRD "67"]
[BlackElo "1761"]
[BlackRD "62"]
[GameID "125541"]

1. d4 e6 2. e4 d5 3. e5 c5 4. Be3 Qb6 5. a3 Nc6 6. Nf3 cxd4 7. Bxd4 Nxd4 8. Qxd4 Bc5 9. Qa4+ Bd7 10. Qb3 Bxf2+
11. Kd1 Qxb3 12. cxb3 Ne7 13. Bd3 d4 14. Rf1 Be3 15. Nbd2 O-O 16. Nc4 Bb5 17. a4 Bxc4 18. bxc4 a5 19. b3 Nc6 20. Be4 Rab8
21. h4 h6 22. g4 Bf4 23. g5 hxg5 24. hxg5 Bxe5 25. Bxc6 bxc6 26. Nxe5 Rxb3 27. Nxc6 Ra8 28. g6 f6 29. Kc2 Rc3+ 30. Kd2 Rxc4
31. Rac1 Rxa4 32. Kd3 e5 33. Ne7+ Kf8 34. Nf5 Ra3+ 35. Ke4 Rh3 36. Rc7 a4 37. Rxg7 a3 38. Ra1 Re3+ 39. Nxe3 Kxg7 40. Nc4 Rc8
41. Nxa3 Ra8 42. Kf5 d3 43. Ke4 d2 44. Ke3 Rxa3+ 45. Rxa3 d1=Q 46. Rd3 Qxd3+ 47. Kxd3 Kxg6 48. Ke4 Kg5 49. Kf3 f5 50. Ke3 Kg4
51. Kf2 e4 52. Ke3 Kg3 53. Ke2 f4 54. Kf1 e3 55. Ke2 Kg2 56. Ke1 f3 57. Kd1 f2 58. Ke2 f1=Q+ 59. Kxe3 Kg3 60. Ke4 Qf4+
61. Kd5 Qe3 62. Kc4 Kf4 63. Kd5 Kf5 64. Kc4 Ke6 65. Kb4 Qc1 66. Kb5 Kd5 67. Kb4 Qc4+ 68. Ka3 Qb5 69. Ka2 Kc4 70. Ka1 Kc3
71. Ka2 Qb2#
0-1

[Event "ESPERANTO"]
[Site "SchemingMind.com"]
[Date "2007.10.26"]
[Round "-"]
[White "rao"]
[Black "sentinel"]
[Result "1-0"]
[WhiteCountry "INT"]
[BlackCountry "AUS"]
[WhiteElo "1570"]
[WhiteRD "66"]
[BlackElo "1230"]
[BlackRD "129"]
[GameID "125543"]

1. e4 Nf6 2. Qf3 d5 3. e5 Ne4 4. d4 g6 5. Bd3 Bf5 6. Nc3 Nc6 7. Nge2 e6 8. Bxe4 dxe4 9. Nxe4 Nxd4 10. Nxd4 Qxd4
11. Nf6+ Ke7 12. Qa3+ c5 13. Qe3 Qc4 14. c3 Bg7 15. Qg5 h6 16. Nd5+ Kd7 17. Qe7+ Kc6 18. Qd6+ Kb5 19. a4+ Ka5 20. b4+ cxb4
21. cxb4+ Qxb4+ 22. Qxb4+ Ka6 23. Qb5#
1-0

[Event "ESPERANTO"]
[Site "SchemingMind.com"]
[Date "2007.10.22"]
[Round "-"]
[White "Brerrabbit"]
[Black "rao"]
[Result "0-1"]
[WhiteCountry "SCO"]
[BlackCountry "INT"]
[WhiteElo "1388"]
[WhiteRD "75"]
[BlackElo "1570"]
[BlackRD "66"]
[GameID "125545"]

1. e4 e5 2. Nf3 Nc6 3. Nc3 Bc5 4. d3 h6 5. Nd5 d6 6. Be3 Nd4 7. Be2 Be6 8. O-O Bxd5 9. exd5 Nf6 10. c3 Nxe2+
0-1

[Event "ESPERANTO"]
[Site "SchemingMind.com"]
[Date "2007.10.21"]
[Round "-"]
[White "Dr_Pat"]
[Black "rao"]
[Result "1-0"]
[WhiteCountry "USA"]
[BlackCountry "INT"]
[WhiteElo "1497"]
[WhiteRD "44"]
[BlackElo "1570"]
[BlackRD "66"]
[GameID "125547"]

1. d4 d5 2. c4 Nf6 3. Nc3 e6 4. Nf3 Bd7 5. Bg5 dxc4 6. e3 b5 7. Ne5 h6 8. Bxf6 gxf6 9. Nxd7 Qxd7 10. Qf3 Qc6
11. d5 exd5 12. Nxd5 Bg7 13. O-O-O Nd7 14. Nxc7+ Qxc7 15. Qxa8+ Nb8 16. Qe4+ Qe5 17. Qxe5+ fxe5 18. Rd5 a6 19. a4 c3 20. axb5 cxb2+
21. Kxb2 O-O 22. bxa6 Nc6 23. e4 Rb8+ 24. Bb5 Na7 25. Rb1 Rxb5+ 26. Rxb5 Nxb5 27. Kc1 Na7 28. Rb7 Nc6 29. a7 Nxa7 30. Rxa7 Bf6
31. Kc2 Bg5 32. Kd3 Kg7 33. Kc4 Kg6 34. Kd5 f6 35. f3 Be3 36. Ra8 Bg1 37. h3 Bh2 38. Ke6 Bf4 39. Rg8+ Kh7 40. Kf7 Bg5
41. Rg7+ Kh8 42. Kg6 h5 43. Re7 h4 44. Re8#
1-0

[Event "ESPERANTO"]
[Site "SchemingMind.com"]
[Date "2007.10.22"]
[Round "-"]
[White "knightrider"]
[Black "rao"]
[Result "0-1"]
[WhiteCountry "USA"]
[BlackCountry "INT"]
[WhiteElo "1472"]
[WhiteRD "70"]
[BlackElo "1564"]
[BlackRD "67"]
[GameID "125548"]

1. e4 e5 2. Nf3 Nc6 3. Bb5 d6 4. d4 Bd7 5. Nc3 a6 6. Ba4 b5 7. Bb3 Nxd4 8. Nxd4 Qf6 9. Nd5 Qd8 10. Nf3 h6
11. Ne3 Nf6 12. Qd3 c5 13. c4 Bc6 14. cxb5 axb5 15. Bc2 Nxe4 16. O-O c4 17. Qe2 Nc5 18. Nf5 Bxf3 19. Qxf3 g6 20. Qc6+ Nd7
21. Nxd6+ Bxd6 22. Qxd6 Qe7 23. Qc6 O-O 24. Bxh6 Rfc8 25. Qf3 Ra6 26. Qb7 Rac6 27. Rad1 R6c7 28. Qf3 Nf6 29. Bg5 Rc6 30. Be4 Rb6
31. h4 Qe6 32. Bd5 Nxd5 33. Rxd5 e4 34. Qf6 Qxf6 35. Bxf6 Rxf6 36. Rxb5 c3 37. bxc3 Rxc3 38. Re1 Re6 39. g3 Ra3 40. Re2 Kg7
41. Rb4 f5 42. Kg2 e3 43. fxe3 Rexe3 44. Rxe3 Rxe3 45. Ra4 Kh6 46. Ra6 Kh5 47. a4 Ra3 48. Ra7 Kg4 49. a5 Ra2+ 50. Kf1 Kxg3
51. Rg7 Kf3 52. Ke1 Rxa5 53. Rxg6 f4 54. Rg5 Ra1+ 55. Kd2 Kf2 56. h5 f3 57. h6 Rh1 58. Rg6 Kf1 59. Rf6 f2 60. Rg6= Rh2
61. Ke3 Ke1
0-1

[Event "ESPERANTO"]
[Site "SchemingMind.com"]
[Date "2007.10.21"]
[Round "-"]
[White "ekulrac"]
[Black "rao"]
[Result "1-0"]
[WhiteCountry "SCO"]
[BlackCountry "INT"]
[WhiteElo "1709"]
[WhiteRD "60"]
[BlackElo "1570"]
[BlackRD "66"]
[GameID "125549"]

1. e4 e5 2. Nf3 Nc6 3. Bb5 d6 4. Bxc6+ bxc6 5. O-O h6 6. d3 Bg4 7. Be3 c5 8. Nbd2 h5 9. c3 h4 10. d4 h3
11. g3 Nf6 12. Qc2 Qe7 13. d5 Qd7 14. b4 Bxf3 15. Nxf3 Qg4 16. Ng5 g6 17. f4 Bh6 18. bxc5 Bxg5 19. fxg5 Nxe4 20. Rae1 Nxg5
21. Bxg5 Qxg5 22. Qa4+ Ke7 23. cxd6+ cxd6 24. Qc6 Rad8 25. Qc7+ Rd7 26. Rxf7+ Kxf7 27. Qxd7+ Kg8 28. Qxd6 Qd2 29. Qxg6+ Kf8 30. Rf1+ Ke7
31. Rf7+
1-0

[Event "ESPERANTO"]
[Site "SchemingMind.com"]
[Date "2007.10.26"]
[Round "-"]
[White "sentinel"]
[Black "rao"]
[Result "0-1"]
[WhiteCountry "AUS"]
[BlackCountry "INT"]
[WhiteElo "1230"]
[WhiteRD "129"]
[BlackElo "1570"]
[BlackRD "66"]
[GameID "125551"]

1. Nc3 d5 2. e4 dxe4 3. Nxe4 a6 4. d4 Nf6 5. Nc5 b6 6. Nb3 Nc6 7. Bf4 e6 8. Qf3 Bb7 9. Rd1 Na5 10. Qc3 Nd5
11. Qg3 Nxb3 12. cxb3 g6 13. Bg5 Qd7 14. Qe5 Bb4+ 15. Ke2 Rg8 16. Rc1 Bd6 17. Qe4 f6 18. Bh4 Nf4+ 19. Kd2 Bxe4 20. Ke3 Nxg2+
21. Ke2 Qb5+ 22. Rc4 Nxh4 23. f3 Bxf3+ 24. Nxf3 Nxf3 25. Kxf3 Qd5+ 26. Kf2 Qxh1 27. Rc3 Qxh2+ 28. Bg2 Bg3+ 29. Rxg3 h5 30. Rh3 Qf4+
31. Rf3 Qd2+ 32. Kg3 h4+ 33. Kh3 g5 34. Rxf6 g4+ 35. Kxh4 g3 36. Bxa8 Ke7 37. Rf1 Qh6#
0-1

[Event "ESPERANTO"]
[Site "SchemingMind.com"]
[Date "2007.10.22"]
[Round "-"]
[White "javilez"]
[Black "Brerrabbit"]
[Result "1-0"]
[WhiteCountry "NCA"]
[BlackCountry "SCO"]
[WhiteElo "1742"]
[WhiteRD "56"]
[BlackElo "1388"]
[BlackRD "75"]
[GameID "125554"]

1. d4 d5 2. c4 e5 3. dxe5 Bb4+ 4. Bd2 Nc6 5. Bxb4 Nxb4 6. Qa4+ Nc6 7. Nc3 Ne7 8. Rd1 d4 9. e3 O-O 10. Nf3 Nf5
11. b4 Qe7 12. Nd5 Qd8 13. b5 Nb8 14. exd4 Be6 15. Nc3 Nh4 16. Nxh4 Qxh4 17. g3 Qh5 18. Bg2 Nd7 19. O-O Rfd8 20. c5 c6
21. bxc6 bxc6 22. Bxc6 Rab8 23. Rb1 Rxb1 24. Rxb1 Rb8 25. Rxb8+ Nxb8 26. Bf3 Bd7 27. Bxh5 Bxa4 28. Nxa4 g6 29. Bf3 Nc6 30. Bxc6
1-0

[Event "ESPERANTO"]
[Site "SchemingMind.com"]
[Date "2007.10.21"]
[Round "-"]
[White "javilez"]
[Black "Dr_Pat"]
[Result "1-0"]
[WhiteCountry "NCA"]
[BlackCountry "USA"]
[WhiteElo "1742"]
[WhiteRD "56"]
[BlackElo "1497"]
[BlackRD "44"]
[GameID "125556"]

1. d4 Nf6 2. c4 e6 3. Nc3 Bb4 4. e3 O-O 5. Bd3 d5 6. Nf3 c5 7. O-O Nc6 8. a3 Bxc3 9. bxc3 Ne4 10. cxd5 exd5
11. c4 Nc3 12. Qc2 cxd4 13. exd4 dxc4 14. Bxh7+ Kh8 15. Qxc3 Kxh7 16. Bb2 f6 17. Qxc4 Kh8 18. Rad1 Re8 19. d5 Na5 20. Qh4+ Kg8
21. Qh5 Nc4 22. Bc1 b6 23. d6 Nxd6 24. Qd5+ Be6 25. Qxd6 Qxd6 26. Rxd6
1-0

[Event "ESPERANTO"]
[Site "SchemingMind.com"]
[Date "2007.10.24"]
[Round "-"]
[White "javilez"]
[Black "knightrider"]
[Result "0-1"]
[WhiteCountry "NCA"]
[BlackCountry "USA"]
[WhiteElo "1742"]
[WhiteRD "56"]
[BlackElo "1520"]
[BlackRD "68"]
[GameID "125557"]

1. d4 Nf6 2. c4 g6 3. f3 d5 4. Nc3 Bg7 5. e3 O-O 6. cxd5 Nxd5 7. e4 Nxc3 8. bxc3 Nc6 9. Be3 e6 10. Bb5 Ne7
11. Ne2 a6 12. Bd3 h6 13. O-O c6 14. Rc1 b5 15. Qd2 Kh7 16. c4 f6 17. cxb5 axb5 18. Bb1 e5 19. dxe5 fxe5 20. Rfd1 Qxd2
21. Rxd2 Bf6 22. Rcd1 Be6 23. Nc1 Nc8 24. Rc2 Ne7 25. Bc5 Rac8 26. Nb3 Bg5 27. Rc3 h5 28. Na5 Rfd8 29. Rcd3 Rxd3 30. Rxd3 Bc4
31. Nxc4 bxc4
0-1

[Event "ESPERANTO"]
[Site "SchemingMind.com"]
[Date "2007.10.21"]
[Round "-"]
[White "javilez"]
[Black "rao"]
[Result "1-0"]
[WhiteCountry "NCA"]
[BlackCountry "INT"]
[WhiteElo "1742"]
[WhiteRD "56"]
[BlackElo "1570"]
[BlackRD "66"]
[GameID "125558"]

1. d4 d5 2. c4 dxc4 3. e3 b5 4. a4 c6 5. axb5 cxb5 6. Qf3 Na6 7. Qxa8 Nb4 8. Na3 Nd3+ 9. Bxd3 cxd3 10. Nxb5 Bd7
11. Qxd8+ Kxd8 12. Nc3 e6 13. Nf3 f6 14. Bd2 Nh6 15. O-O Bd6 16. Rxa7 Ke7 17. Rfa1 e5 18. Ne1 exd4 19. exd4 Rb8 20. Nxd3 Ke6
21. Re1+ Kf5 22. Rxd7 Bf8 23. f3 Kg6 24. g4 Nf7 25. h4 Bd6 26. h5#
1-0

[Event "ESPERANTO"]
[Site "SchemingMind.com"]
[Date "2007.10.26"]
[Round "-"]
[White "javilez"]
[Black "sentinel"]
[Result "1-0"]
[WhiteCountry "NCA"]
[BlackCountry "AUS"]
[WhiteElo "1742"]
[WhiteRD "56"]
[BlackElo "1230"]
[BlackRD "129"]
[GameID "125561"]

1. d4 d5 2. c4 dxc4 3. e3 Qd5 4. Nc3 Qg5 5. Bxc4 Qxg2 6. Qf3 Qg6 7. Nge2 e6 8. Rg1 Qc2 9. b3 Bb4 10. Bd2 Bxc3
11. Bxc3 e5 12. Qxf7+ Kd8 13. Qf8+ Kd7 14. Rxg7+ Kc6 15. Qc5#
1-0

[Event "ESPERANTO"]
[Site "SchemingMind.com"]
[Date "2007.10.22"]
[Round "-"]
[White "Brerrabbit"]
[Black "javilez"]
[Result "0-1"]
[WhiteCountry "SCO"]
[BlackCountry "NCA"]
[WhiteElo "1388"]
[WhiteRD "75"]
[BlackElo "1742"]
[BlackRD "56"]
[GameID "125563"]

1. e4 c5 2. d4 cxd4 3. c3 dxc3 4. Nxc3 Nc6 5. Nf3 d6 6. Bf4 Bg4 7. Qb3 Qb6 8. Ng5 Qxb3 9. axb3 h6 10. Nf3 Bxf3
11. gxf3 Nf6 12. O-O-O a6 13. Bc4 g6 14. Rhe1 e5 15. Bg3 Nd4 16. f4 Be7 17. fxe5 dxe5 18. Bxe5 Nf3 19. Bxf6 Bxf6 20. Re3 Bg5
21. Rd3 O-O 22. Kb1 Bxe3 23. Rxe3 Nxh2 24. e5 Ng4 25. Rf3 Nxe5 26. Re3 Nxc4 27. Re7 Nd6 28. Nd5 Rfe8 29. Nf6+ Kf8 30. Rd7 Red8
0-1